00584nam a2200193Ia 4500008004100000050001600041050001500057100003200072245007300104245003200177260003100209260001000240260001000250300001500260300002000275300001100295500005600306521002800362170504s9999 xx 000 0 und d aHF 5415.32  b,L972 2016 aLustaña, Carlo Medardo R. aEvaluation of customer preferences of project BC's walk-in clients / cCarlo Medardo R. Lustaña, aLas Piñas, Philippines : bSISC, c2016. a30 pages : billustrations ; c28 cm. aIncludes bibliographical references and appendices. aBusiness Administration